<?xml version="1.0" encoding="UTF-8"?>
<record
    xmlns:xsi="http://www.w3.org/2001/XMLSchema-instance"
    xsi:schemaLocation="http://www.loc.gov/MARC21/slim http://www.loc.gov/standards/marcxml/schema/MARC21slim.xsd"
    xmlns="http://www.loc.gov/MARC21/slim">

  <leader>01675nam a2200301   4500</leader>
  <controlfield tag="001">28</controlfield>
  <controlfield tag="003">OSt</controlfield>
  <controlfield tag="005">20250207093736.0</controlfield>
  <controlfield tag="008">250121b        |||||||g |||| 00| j eng d</controlfield>
  <datafield tag="020" ind1=" " ind2=" ">
    <subfield code="a">8573210427</subfield>
  </datafield>
  <datafield tag="040" ind1=" " ind2=" ">
    <subfield code="b">por</subfield>
  </datafield>
  <datafield tag="041" ind1=" " ind2=" ">
    <subfield code="h">spa</subfield>
    <subfield code="a">por</subfield>
  </datafield>
  <datafield tag="082" ind1=" " ind2=" ">
    <subfield code="a">ar860</subfield>
    <subfield code="b">A725f</subfield>
  </datafield>
  <datafield tag="100" ind1="1" ind2=" ">
    <subfield code="a">Arlt, Roberto,</subfield>
    <subfield code="d">1900-1942</subfield>
    <subfield code="9">71</subfield>
  </datafield>
  <datafield tag="240" ind1=" " ind2=" ">
    <subfield code="a">El jorobadito</subfield>
  </datafield>
  <datafield tag="245" ind1=" " ind2=" ">
    <subfield code="a">As feras /</subfield>
    <subfield code="c">Arlt, Roberto ; Tradu&#xE7;&#xE3;o de S&#xE9;rgio Molina e Apresenta&#xE7;&#xE3;o de Ricardo Piglia</subfield>
  </datafield>
  <datafield tag="250" ind1=" " ind2=" ">
    <subfield code="a">2&#xB0; edi&#xE7;&#xE3;o</subfield>
  </datafield>
  <datafield tag="260" ind1=" " ind2=" ">
    <subfield code="a">S&#xE3;o Paulo</subfield>
    <subfield code="b">Iluminuras</subfield>
    <subfield code="c">2002</subfield>
  </datafield>
  <datafield tag="300" ind1=" " ind2=" ">
    <subfield code="a">156 p. </subfield>
  </datafield>
  <datafield tag="520" ind1=" " ind2=" ">
    <subfield code="a">Roberto Arlt (1900-1942) n&#xE3;o precisa de apresenta&#xE7;&#xE3;o, mas deste livro, que re&#xFA;ne os contos mais famosos da Noite Terr&#xED;vel, Las fieras, Escritor fracassado, Ester Primavera entre outros, &#xE9; bom registrar os conceitos que merecem a Luis Emilio ... os relatos de Arlt s&#xE3;o subjugados at&#xE9; pela promiscuidade de realismo e imagina&#xE7;&#xE3;o como o baul-mundo onde el viajero amontona a ultima hora todos os seus, objetos dispersos (...) Todas essas cria&#xE7;&#xF5;es de sua sensibilidade eruptiva respiram a atmosfera de certos aspectos de Buenos Aires e tocam com freq&#xFC;&#xEA;ncia aspectos da psicologia coletiva. Os elementos mas opuestos se amalgamam nos relatos de El jorobadito con frenesi lo folletinesco corre aparejado a un realismo intenso, sem precedentes em nossa literatura; passagens escabrosas a granel est&#xE3;o em contato com rea&#xE7;&#xF5;es de pureza expiat&#xF3;rias.</subfield>
  </datafield>
  <datafield tag="650" ind1=" " ind2="0">
    <subfield code="a">Literatura argentina</subfield>
    <subfield code="9">90</subfield>
  </datafield>
  <datafield tag="650" ind1=" " ind2="0">
    <subfield code="a">Historias curtas </subfield>
    <subfield code="9">67</subfield>
  </datafield>
  <datafield tag="650" ind1=" " ind2="0">
    <subfield code="a">Espanto</subfield>
    <subfield code="9">72</subfield>
  </datafield>
  <datafield tag="655" ind1=" " ind2="0">
    <subfield code="a">Conto</subfield>
    <subfield code="9">68</subfield>
  </datafield>
  <datafield tag="700" ind1=" " ind2=" ">
    <subfield code="a">S&#xE9;rgio Molina</subfield>
    <subfield code="e">Tradutor</subfield>
    <subfield code="9">73</subfield>
  </datafield>
  <datafield tag="700" ind1=" " ind2=" ">
    <subfield code="a">Ricardo Piglia</subfield>
    <subfield code="e">Apresenta&#xE7;&#xE3;o</subfield>
    <subfield code="9">74</subfield>
  </datafield>
  <datafield tag="942" ind1=" " ind2=" ">
    <subfield code="2">ddc</subfield>
    <subfield code="n">0</subfield>
    <subfield code="c">BK</subfield>
  </datafield>
  <datafield tag="952" ind1=" " ind2=" ">
    <subfield code="0">0</subfield>
    <subfield code="1">0</subfield>
    <subfield code="2">ddc</subfield>
    <subfield code="4">0</subfield>
    <subfield code="7">0</subfield>
    <subfield code="8">FIC</subfield>
    <subfield code="a">BIBIB</subfield>
    <subfield code="b">BIBIB</subfield>
    <subfield code="c">LE</subfield>
    <subfield code="d">2002-08-27</subfield>
    <subfield code="e">doa&#xE7;&#xE3;o</subfield>
    <subfield code="l">0</subfield>
    <subfield code="o">ar860 / A725f</subfield>
    <subfield code="p">2025-0462</subfield>
    <subfield code="r">2025-01-20 08:34:18</subfield>
    <subfield code="w">2025-01-20</subfield>
    <subfield code="y">BK</subfield>
  </datafield>
  <datafield tag="999" ind1=" " ind2=" ">
    <subfield code="c">28</subfield>
    <subfield code="d">28</subfield>
  </datafield>
</record>
